000
00328nam a2200121Ia 4500
008
171205s9999 xx 000 0 und d
020
_a
9780128019801
100
_a
Clements, Bruce W.
245
_a
Disasters and Public Health Planning and Response
250
_a
2nd ed.
260
_b
Elsevier, Inc.
_c
2016
300
_a
501 pages
999
_c
347386
_d
347386